000 009850000a22001930004500
020 _a1-85078-298-9 : Donación
041 0 _aEng.
090 _aAV 0276
100 1 _aMyers, Glenn
245 1 0 _aThe rim of fire : indonesia and the malay-speaking muslim world / Glenn Myers
260 _aCarlisle, Inglaterra : OM Publishing
300 _a64 p.
440 0 _aBriefings
505 0 0 _aIndonesia: un collar de islas -- creencias -- Que pasó con la iglesia -- un lugar lejano donde el evangelio ha llegado -- tiempos interesantes -- el desafío para la iglesia -- otros lugares en el rin: las Filipinas y Malasia
520 _aResumen: Ofrece información acerca de ''el rin de fuego'' que quiere decir los musulmanes que viven in Indonesia, Malasia y las Filipinas, especialmente el estado de la iglesia y de la evangelización en este lugar, para animar a lectores orar por la gente de esta región.
650 1 4 _aMISIONES \ MAHOMETANOS\ ORACION
001 17243
942 _cBK
999 _c43907
_d43907